Odpadové hospodárstvo po zmenách od 1. 1. 2026

Základným právnym predpisov v oblasti odpadového hospodárstva je zákon č. 79/2015 Z. z. o odpadoch a o zmene a doplnení niektorých zákonov v znení neskorších predpisov. Dôvodom novej právnej úpravy je potreba zefektívniť procesy uzatvárania, rekultivácie a monitorovania skládok odpadov, odstrániť sú...

Description complète

Enregistré dans:
Détails bibliographiques
Auteur principal: Fudák, Lukáš
Format: Chapitre de livre
Langue:slovaque
Sujets:
Tags: Ajouter un tag
Pas de tags, Soyez le premier à ajouter un tag!

MARC

LEADER 00000naa a2200000 4500
001 0314618
005 20260129101616.6
041 0 |a slo 
044 |a SK 
245 1 0 |a Odpadové hospodárstvo po zmenách od 1. 1. 2026  |c Lukáš Fudák 
520 |a Základným právnym predpisov v oblasti odpadového hospodárstva je zákon č. 79/2015 Z. z. o odpadoch a o zmene a doplnení niektorých zákonov v znení neskorších predpisov. Dôvodom novej právnej úpravy je potreba zefektívniť procesy uzatvárania, rekultivácie a monitorovania skládok odpadov, odstrániť súvisiace problémy a zákonné nedostatky, ktoré vyplynuli z praxe. 
610 2 0 |a hospodárstvo odpadové 
610 2 0 |a skládky odpadu 
610 2 0 |a úpravy právne 
610 2 0 |a zákony 
610 2 0 |a novelizácia 
100 1 |a Fudák, Lukáš